Aportes para educadores /

Guardado en:
Autor Principal: Fornasari de Menegazzo, Lilia Dir.
Formato: Libro
Publicado: Buenos Aires : Fundación Vínculo, 2002
Etiquetas: Agregar Etiqueta
Sin Etiquetas, Sea el primero en etiquetar este registro!
LEADER 00492nam a22001575a 4500
001 CEM.cems011078
005 20060214000000.0
008 130507s2002##################000#0#####d
003 CEMS
082 0 4 |a F370 
100 1 |a Fornasari de Menegazzo, Lilia Dir. 
245 1 0 |a Aportes para educadores / 
260 |a Buenos Aires :  |b Fundación Vínculo,  |c 2002 
300 |a 33 p.1 
859 |a CEMS  |b BIB. CEMS - 11 de abril  |h F370  |i 100  |p 1877.44  |t Ej.1 
859 |a CEMS  |b BIB. CEMS - 11 de abril  |h F370  |i 100  |p 1878.44  |t Ej.2